[Event "3rd Open"]
[Site "La Fere FRA"]
[Date "2004.07.07"]
[Round "7"]
[White "Vernay,C"]
[Black "Barnier,C"]
[Result "1-0"]
[WhiteElo "2206"]
[BlackElo "2008"]

1.d4 d5 2.c4 Nc6 3.cxd5 Qxd5 4.e3 e5 5.Nc3 Bb4 6.Bd2 Bxc3 7.bxc3 exd4 8.cxd4 Nf6
9.Nf3 O-O 10.Be2 Bg4 11.O-O Rfe8 12.h3 Bh5 13.Rb1 a6 14.Qc1 b5 15.Rb2 Bg6
16.Rd1 h6 17.Be1 Be4 18.Qa1 Reb8 19.Rc1 Nd7 20.a4 b4 21.Bc4 Qh5 22.Nd2 Bd5
23.g4 Qxh3 24.Bxd5 Qxg4+ 25.Kf1 Nxd4 26.exd4 Ra7 27.Rb3 Nf6 28.Bf3 Qf4 29.Rc4 a5
30.d5 Qh2 31.Qd4 Ra6 32.Qf4 Qh3+ 33.Bg2 Qd7 34.Qxc7  1-0

[Event "Open"]
[Site "Olomouc CZE"]
[Date "2004.07.07"]
[Round "3"]
[White "Kantorik,M"]
[Black "Van der Laan,D"]
[Result "1/2-1/2"]
[WhiteElo "2331"]
[BlackElo "2228"]

1.d4 d5 2.c4 Nc6 3.cxd5 Qxd5 4.e3 e5 5.Nc3 Bb4 6.Bd2 Bxc3 7.bxc3 Nf6 8.Qb3 O-O
9.Qxd5 Nxd5 10.c4 Nde7 11.d5 Nb8 12.Bb4 Re8 13.e4 a5 14.Ba3 Na6 15.Ne2 Nb4
16.Kd2 Rd8 17.Nc3 Bd7 18.Rb1 c5 19.Bb2 Be8 20.Kc1 Nc8 21.a3 Na6 22.Bd3 f6
23.Kd2 Nd6 24.g3 Nb8 25.Ba1 Nd7 26.Nb5 Nf7 27.Ke3 Rdc8 28.Be2 Kf8 29.Bg4 Rcb8
30.Rhd1 Nb6 31.Kd3 Bxb5 32.Rxb5 Nxc4 33.Kxc4 Nd6+ 34.Kxc5 Nxe4+ 35.Kb6 Nxf2
36.Be2 Nxd1 37.Bxd1 Ke7 38.Rb1 Kd6 39.Bb3 Ra6+ 40.Kb5 Rc8 41.Ba2 a4 42.Bb2 Rc5+
43.Kb4 Rb6+ 44.Kxa4 Ra6+ 45.Kb4 Rb6+ 46.Ka4 Ra6+ 47.Kb4 Rb6+ 48.Ka4  1/2-1/2

[Event "ch-NOR"]
[Site "Molde NOR"]
[Date "2004.07.08"]
[Round "7"]
[White "Christenson,F"]
[Black "Heim,S"]
[Result "1-0"]
[WhiteElo "2303"]
[BlackElo "2368"]

1.d4 d5 2.c4 Nc6 3.Nc3 dxc4 4.Nf3 Nf6 5.e4 Bg4 6.Be3 Bxf3 7.gxf3 e5 8.d5 Nb8
9.Bxc4 Nbd7 10.Rg1 Nh5 11.Qb3 Bc5 12.O-O-O O-O 13.Qxb7 Rb8 14.Qc6 Bxe3+ 15.fxe3 Rb6
16.Qa4 Qe7 17.d6 Rxd6 18.Rxd6 cxd6 19.Qxa7 Qd8 20.Rd1 Nc5 21.b4 Ne6 22.Nb5 Qf6
23.Nxd6 h6 24.Nf5 Kh8 25.Be2 Qg5 26.Kb2 Qg2 27.Rd2 Qf2 28.Rc2 Ng5 29.Qe7 Rb8
30.a3 Nxf3 31.Qxf7 Ne1 32.Qxh5 Nxc2 33.Qg4 Rb7 34.Kxc2 Qe1 35.Nd6 Rc7+ 36.Bc4 Qf2+
37.Kd3 Qf1+ 38.Qe2 Qa1 39.Qd2 Qxa3+ 40.Qc3 Qa8 41.Qxe5 Rd7 42.Ke2  1-0

[Event "15th Open"]
[Site "Ljubjana SLO"]
[Date "2004.07.12"]
[Round "4"]
[White "Razinger,I"]
[Black "Gruskovnjak,T"]
[Result "0-1"]
[WhiteElo "2086"]
[BlackElo "2315"]

1.d4 d5 2.c4 Nc6 3.cxd5 Qxd5 4.Nf3 e5 5.dxe5 Qxd1+ 6.Kxd1 Bg4 7.Bf4 O-O-O+
8.Kc1 h6 9.h4 Nge7 10.Nbd2 Ng6 11.Bg3 Bb4 12.a3 Bxd2+ 13.Nxd2 Rd7 14.b4 Rhd8
15.Ra2 Be6 16.Rb2 a5 17.b5 Nd4 18.e4 a4 19.Bc4 Bxc4 20.Nxc4 Nb3+ 21.Kb1 Rd4
22.Ne3 Nd2+ 23.Ka2 Nxe4 24.Nf5 Nc3+  0-1

[Event "15th Open"]
[Site "Ljubjana SLO"]
[Date "2004.07.13"]
[Round "5"]
[White "Kozul,Z"]
[Black "Fercec,N"]
[Result "0-1"]
[WhiteElo "2630"]
[BlackElo "2474"]

1.d4 d5 2.c4 Nc6 3.cxd5 Qxd5 4.e3 e5 5.Nc3 Bb4 6.Bd2 Bxc3 7.bxc3 Nf6 8.Ne2 O-O
9.c4 Qd6 10.d5 Ne7 11.Qb3 a5 12.Nc3 c6 13.e4 b5 14.cxb5 cxd5 15.exd5 Nexd5
16.Nxd5 Nxd5 17.Rd1 Bg4 18.f3 Be6 19.Qb2 Qb6 20.Bd3 Nb4 21.Be4 Rad8 22.a4 Nd3+
23.Bxd3 Rxd3 24.Rc1 Rfd8 25.Rc6 Qa7 26.b6 Qd7 27.Rc7 Qd6 28.Bxa5 Rd1+ 29.Kf2 Rxh1
30.b7 e4 31.Rc3 Qd4+ 32.Kg3 exf3 33.b8=Q Qg4+ 34.Kf2 Qxg2+ 35.Ke3 Re1+  0-1

[Event "15th Open"]
[Site "Ljubjana SLO"]
[Date "2004.07.15"]
[Round "8"]
[White "Bratovic,B"]
[Black "Osolin,B"]
[Result "1-0"]
[WhiteElo "2332"]
[BlackElo "2140"]

1.d4 d5 2.c4 Nc6 3.e3 e5 4.cxd5 Qxd5 5.Nc3 Bb4 6.Bd2 Bxc3 7.bxc3 Nf6 8.c4 Qd6
9.d5 Ne7 10.Qb3 c5 11.f3 O-O 12.Ne2 Bd7 13.Nc3 Rfb8 14.a4 Ne8 15.Ne4 Qc7
16.Qa3 b6 17.Bc3 f6 18.Bd3 Nf5 19.Ke2 Rd8 20.g4 Nfd6 21.Nd2 e4 22.Nxe4 Nxe4
23.Bxe4 Nd6 24.Bd3 Re8 25.Kf2 a6 26.e4 Nxe4+ 27.Bxe4 Rxe4 28.fxe4 Qf4+ 29.Ke2 Qxe4+
30.Kd2 Qg2+ 31.Kd3 Bxg4 32.Bd2 Bf5+ 33.Kc3 Qe4 34.Qc1 b5 35.axb5 Rb8 36.Kb2 axb5
37.Ra3 b4 38.Ra7 Qd4+ 39.Kb3 Qd3+ 40.Ka4 Be4 41.Rg1 g6 42.Rg3 Qd4 43.Kb3 Rc8
44.Qb2 Qf2 45.Bc3 Qf1 46.Bxf6 Qd1+ 47.Ka2 Qf1 48.Bh8 Bb1+ 49.Qxb1 Qxc4+ 50.Qb3 Qe2+
51.Bb2  1-0

[Event "XIII Open"]
[Site "Castellar del Valles ESP"]
[Date "2004.07.21"]
[Round "8"]
[White "Grigore,Ge"]
[Black "Ferron Garcia,C"]
[Result "1-0"]
[WhiteElo "2507"]
[BlackElo "2314"]

1.d4 d5 2.c4 Nc6 3.cxd5 Qxd5 4.e3 e5 5.Nc3 Bb4 6.Bd2 Bxc3 7.bxc3 Nf6 8.Qb3 Qd6
9.Bc1 exd4 10.cxd4 Be6 11.Bc4 Bxc4 12.Qxc4 Qb4+ 13.Qxb4 Nxb4 14.Ke2 O-O-O
15.Bd2 Nc6 16.f3 Nd5 17.Kf2 Nb6 18.Rc1 Ne5 19.Rc2 Nec4 20.Bc1 Rd5 21.Ne2 Ra5
22.Rd1 Rd8 23.Rd3 Ne5 24.Rdc3 Nc6 25.Bd2 Rb5 26.e4 Na4 27.Rb3 Rxb3 28.axb3 Nb6
29.Bc3 Ne7 30.d5 Rg8 31.Bb4 Ng6 32.Bd6 Kd7 33.Bg3 Rc8 34.Nd4 Ne7 35.Nb5 a6
36.Na7 c6 37.Nxc8 Nbxc8 38.dxc6+ Nxc6 39.Rd2+ Ke7 40.Bc7 N8a7 41.Ke3 Nb5
42.Bb6 Nb8 43.Bc5+ Ke8 44.f4 Nc6 45.Rd3 Nc7 46.g4 Ne6 47.Bd6 b5 48.f5 Ned8
49.e5 a5 50.Ke4  1-0

[Event "IM"]
[Site "Balatonlelle HUN"]
[Date "2004.07.24"]
[Round "6"]
[White "Hecht,HJ"]
[Black "Nemeth,Mi"]
[Result "0-1"]
[WhiteElo "2423"]
[BlackElo "2375"]

1.d4 d5 2.c4 Nc6 3.Nc3 dxc4 4.Nf3 Nf6 5.e4 Bg4 6.Be3 e6 7.Bxc4 Bb4 8.Qc2 O-O
9.Rd1 Bxf3 10.gxf3 Nd7 11.a3 Ba5 12.e5 Ne7 13.Bd3 Kh8 14.h4 c5 15.Bxh7 Qc7
16.Be4 cxd4 17.Bxd4 Nxe5 18.Qe2 N5c6 19.f4 Ng6 20.Bxg6 fxg6 21.h5 g5 22.fxg5 Nxd4
23.Rxd4 Bb6 24.Rc4 Bxf2+ 25.Kd1 Qd8+ 26.Kc2 Qxg5 27.h6 gxh6 28.Qxe6 Be3 29.Rc7 Rae8
30.Qd7 Qg6+ 31.Kb3 Rd8 32.Qb5 Qe6+ 33.Qc4 Qb6+ 34.Ka2 Rd4  0-1

[Event "12th Open"]
[Site "St Affrique FRA"]
[Date "2004.07.24"]
[Round "1"]
[White "Laurain,D"]
[Black "Milliet,S"]
[Result "1-0"]
[WhiteElo "2065"]
[BlackElo "2280"]

1.d4 d5 2.c4 Nc6 3.Nf3 Bg4 4.e3 e6 5.a3 Nf6 6.Nc3 dxc4 7.Bxc4 Bd6 8.e4 e5
9.d5 Nd4 10.Be3 Nxf3+ 11.gxf3 Bh5 12.Rg1 O-O 13.Bh6 Bg6 14.Bg5 h6 15.Be3 Kh7
16.Qd2 a6 17.Bd3 Nh5 18.Ne2 Qf6 19.Ng3 Nf4 20.Nf5 Nxd3+ 21.Qxd3 Bxf5 22.exf5 Rac8
23.Rc1 Rfd8 24.Qe4 Bf8 25.Ke2 a5 26.Qd3 c6 27.d6 Rxd6 28.Qe4 Rcd8 29.h4 Rd5
30.Bg5 Qd6 31.Be3 Rd2+ 32.Kf1 Rd1+  1-0

[Event "Specsavers YM"]
[Site "Millfield School ENG"]
[Date "2004.07.25"]
[Round "10"]
[White "Martyn,R"]
[Black "Antal,Ge"]
[Result "1/2-1/2"]
[WhiteElo "2322"]
[BlackElo "2478"]

1.d4 d5 2.c4 Nc6 3.Nc3 dxc4 4.Nf3 Nf6 5.e3 e5 6.Bxc4 exd4 7.exd4 Bd6 8.Qe2+ Qe7
9.Qxe7+ Nxe7 10.Ne5 O-O 11.O-O a6 12.a4 Nf5 13.Rd1 b6 14.Bg5 Bb7 15.Bxf6 gxf6
16.Nd7 Rfd8 17.Nxf6+ Kg7 18.Nh5+ Kh6 19.Ng3 Bxg3 20.hxg3 Nxd4 21.Bxf7 c5
22.Bc4 Bc6 23.f3 b5 24.axb5 axb5 25.Rxa8 Rxa8 26.Bd5 Bxd5 27.Nxd5 Ra2 28.Rd2 Nb3
29.Re2 Nc1 30.Rd2 Nb3 31.Re2 b4 32.Ne3 Na5 33.Rc2 c4 34.Nxc4 b3 35.Rc3 Nxc4
36.Rxc4 Rxb2 37.Rb4 Kg5 38.Rb5+ Kf6 39.Kh2 Rb1 40.g4 Ke6 41.g5 Kd6 42.f4 b2
43.Kg3 Ke6 44.Rb8 Kd5 45.Kg4 Kd4 46.Kf5  1/2-1/2

[Event "IM"]
[Site "Balatonlelle HUN"]
[Date "2004.07.26"]
[Round "8"]
[White "Schaufelberger,H"]
[Black "Nemeth,Mi"]
[Result "1/2-1/2"]
[WhiteElo "2282"]
[BlackElo "2375"]

1.d4 d5 2.c4 Nc6 3.Nc3 dxc4 4.Nf3 Nf6 5.e4 Bg4 6.Be3 e6 7.Bxc4 Bb4 8.Qc2 O-O
9.Rd1 Bxf3 10.gxf3 Nh5 11.e5 Ne7 12.O-O Bxc3 13.bxc3 c6 14.Qe4 Nf5 15.Qg4 g6
16.Kh1 Qa5 17.Rc1 c5 18.Rg1 Nhg7 19.d5 b5 20.Bd3 Nxe3 21.fxe3 exd5 22.f4 Rae8
23.h4 Qb6 24.h5 c4 25.Bb1 Qxe3 26.Rcf1 f5 27.exf6 Rxf6 28.hxg6 hxg6 29.Rf3 Qe2
30.Qh3 Ree6 31.Rfg3 Qh5 32.Qxh5 Nxh5 33.Rxg6+ Rxg6 34.Bxg6 Ng7 35.f5 Rf6
36.Rf1 b4 37.cxb4 d4 38.Rf4 Rd6 39.f6 Ne6 40.Rg4 Kf8 41.Rh4 Kg8 42.Rg4 Kf8  1/2-1/2

[Event "7th Open"]
[Site "Korinthos GRE"]
[Date "2004.07.27"]
[Round "7"]
[White "Milanovic,Da"]
[Black "Sorokina,A"]
[Result "1-0"]
[WhiteElo "2428"]
[BlackElo "2188"]

1.d4 d5 2.c4 Nc6 3.Nf3 Bg4 4.Ne5 Nxe5 5.dxe5 d4 6.Qb3 c6 7.Qxb7 Bd7 8.g3 Rc8
9.Qxa7 Bg4 10.h3 Bf5 11.Bg2 e6 12.O-O Bb4 13.Rd1 c5 14.Qa4+ Kf8 15.e3 Rb8
16.Nc3 Ne7 17.Nb5 d3 18.Bd2 Bxd2 19.Rxd2 Nc8 20.Rad1 Bg6 21.e4 Nb6 22.Qb3 Qe8
23.Rxd3  1-0

[Event "MTO"]
[Site "Biel SUI"]
[Date "2004.07.30"]
[Round "11"]
[White "Bozinovic,Bog"]
[Black "Wippermann,T"]
[Result "0-1"]
[WhiteElo "2257"]
[BlackElo "2427"]

1.d4 d5 2.c4 Nc6 3.Nc3 dxc4 4.d5 Ne5 5.Nf3 Nxf3+ 6.exf3 e5 7.Bxc4 Bd6 8.Qa4+ Bd7
9.Qb3 Rb8 10.O-O Ne7 11.Nb5 O-O 12.Be3 Bxb5 13.Qxb5 a6 14.Qb3 Nf5 15.Bd3 Nd4
16.Qd1 Qf6 17.Rc1 Rbd8 18.Rc4 Rfe8 19.Qd2 h6 20.Bxd4 exd4 21.Rxd4 c6 22.Be4 c5
23.Rc4 b5 24.Rc3 c4 25.a3 Be5 26.Rc2 Bxb2 27.a4 c3 28.Qd3 bxa4 29.Re2 a3
30.Qc4 Qb6 31.g3 Qb5  0-1

[Event "FSGM August"]
[Site "Budapest HUN"]
[Date "2004.08.10"]
[Round "4"]
[White "Hoang Thanh Trang"]
[Black "Rupprecht,A"]
[Result "1-0"]
[WhiteElo "2455"]
[BlackElo "2329"]

1.d4 d5 2.c4 Nc6 3.cxd5 Qxd5 4.e3 e5 5.Nc3 Bb4 6.Bd2 Bxc3 7.bxc3 Nf6 8.f3 O-O
9.e4 Qd6 10.Be3 exd4 11.cxd4 Re8 12.Ne2 Nxe4 13.fxe4 Rxe4 14.Qd2 Nb4 15.Kf2 Bg4
16.Nc3 Rxe3 17.Qxe3 Nc2 18.Qe5 Qxe5 19.dxe5 Nxa1 20.Bd3 Re8 21.Rxa1 Rxe5
22.Rb1 b6 23.Nb5 Rd5 24.Bf1 Rd2+ 25.Kg3 Be6 26.a4 Ra2 27.Nxc7 Rxa4 28.Re1 Rb4
29.Nxe6 fxe6 30.Rxe6 Kf7 31.Re5 Kf6 32.Rh5 h6 33.Kf3 Rd4 34.Ke3 Rg4 35.Rd5 Rb4
36.Rd7 Ra4 37.Be2 Ra1 38.Bf3 Ra4 39.Kd3 b5 40.Rb7 b4 41.Kc2 a5 42.Kb2 Ra3
43.h4 Rc3  1-0

[Event "2nd Misr Closed"]
[Site "Ismailia EGY"]
[Date "2004.08.18"]
[Round "3"]
[White "Ezat,M"]
[Black "Karpatchev,A"]
[Result "1-0"]
[WhiteElo "2395"]
[BlackElo "2484"]

1.d4 d5 2.c4 Nc6 3.Nf3 Bg4 4.Nbd2 e6 5.a3 Bxf3 6.Nxf3 dxc4 7.e4 Na5 8.Bxc4 Nxc4
9.Qa4+ c6 10.Qxc4 Nf6 11.Qc2 Be7 12.O-O O-O 13.Bg5 a5 14.Rad1 a4 15.Rfe1 h6
16.Bh4 Qa5 17.d5 Qc5 18.Qb1 Rfe8 19.dxe6 fxe6 20.Qa2 Bd8 21.Nd4 Qh5 22.Bg3 Ba5
23.Rf1 Nxe4 24.Nf3 Nf6 25.Qc4 Bb6 26.Qb4 Qc5 27.Qh4 Nd5 28.Be5 Qe7 29.Qg4 Qf7
30.Rfe1 Bd8 31.Rd4 b5 32.Qg3 Bf6 33.Rg4 Ra7 34.Rg6 Kh7 35.Rg4 c5 36.Bxf6 Nxf6
37.Ne5 Qh5 38.Rf4 c4 39.Qe3 Rc7 40.g3 Nd5 41.Qe4+ Kg8 42.Rf3 Qg5 43.h4 Qe7
44.Qg6 Rf8 45.Rxf8+ Kxf8 46.Qh7 Qf6 47.Qh8+ Ke7 48.Qb8 Qf5 49.Qxb5 Qc2 50.Nf3 Qd3
51.Kg2 Nf6 52.Qxa4 Qd5 53.Re5 Qb7 54.Qb4+ Qxb4 55.axb4 Kd6 56.Ra5 Rb7 57.Ra6+ Kd5
58.Ra5+ Kd6 59.Ra4 Nd5 60.Ra6+ Rb6 61.b5 Kc5 62.Ne5 Kxb5 63.Ra7 Nb4 64.Rc7 Nc6
65.Nd7 Ra6 66.Rb7+ Ka5 67.Rc7 Kb4 68.Rb7+ Ka5 69.Rc7 Kb4 70.Kf1 Ra7 71.Rxc6 Rxd7
72.Rb6+ Kc5 73.Rxe6 Rb7 74.Re2 Kb4 75.Ke1 Kb3 76.Kd1 Ra7 77.Rc2 Ra1+ 78.Rc1 Ra4
79.Rc2 Ra1+ 80.Kd2 Rf1 81.Rc3+ Kxb2 82.Rxc4 Rxf2+ 83.Ke3 Rf7 84.Ke4 Kb3 85.Rc6 Kb4
86.g4 Kb5 87.Rc1 g5 88.hxg5 hxg5 89.Kd5 Rd7+ 90.Ke6 Rd4 91.Kf5 Rd5+ 92.Kg6 Kb6
93.Rf1 Kc6 94.Rf5 Rd4 95.Kxg5 Kd6 96.Kh5 Ke6 97.Rf1 Rd8 98.g5 Rh8+ 99.Kg6 Rg8+
100.Kh6 Rh8+ 101.Kg7 Rh2 102.g6 Rh3 103.Re1+  1-0

[Event "ch-ESP Abierto"]
[Site "Seville ESP"]
[Date "2004.08.20"]
[Round "8"]
[White "Barrero Garcia,C"]
[Black "Garza Marco,S"]
[Result "1/2-1/2"]
[WhiteElo "2268"]
[BlackElo "2414"]

1.d4 d5 2.c4 Nc6 3.cxd5 Qxd5 4.e3 e5 5.Nc3 Bb4 6.Bd2 Bxc3 7.Bxc3 exd4 8.Ne2 Bg4
9.f3 Bxf3 10.gxf3 Qxf3 11.Bxd4 Nxd4 12.Qxd4 Qxh1 13.Qxg7 O-O-O 14.Qxh8 Qxh2
15.Qg7 Qh4+ 16.Qg3 Qb4+ 17.Kf2 Nf6 18.Qf4 Ne4+ 19.Kf3 Nd2+ 20.Kf2 Ne4+ 21.Kf3 Qxb2
22.Rc1 Nd2+ 23.Kf2 Qb6 24.Bg2 Re8 25.Rc2 Nb1 26.Qd4 Qxd4 27.Nxd4 c6 28.a4 Re5
29.Ke2 Ra5 30.Rc1 Na3 31.Kd3 Rxa4 32.Ra1 Nc4 33.Rxa4 Nb2+ 34.Ke4 Nxa4 35.Kf5 Nc3
36.Kf6 Kd7 37.Kxf7 Kd6 38.Kf6 Kc5 39.Ne6+ Kb4 40.e4 a5 41.e5 Nb5 42.Bf1 Nc3
43.Nf4 Ne4+ 44.Kf5 Ng3+ 45.Kf6 Ne4+ 46.Kf5 Ng3+ 47.Kf6 Ne4+  1/2-1/2

[Event "ch-ESP Abierto"]
[Site "Seville ESP"]
[Date "2004.08.21"]
[Round "9"]
[White "Roa Alonso,S"]
[Black "Rodriguez Fontecha,M"]
[Result "1/2-1/2"]
[WhiteElo "2357"]
[BlackElo "2168"]

1.d4 d5 2.c4 Nc6 3.Nc3 e5 4.cxd5 Nxd4 5.e3 Nf5 6.Nf3 f6 7.Bb5+ Bd7 8.Bxd7+ Qxd7
9.O-O g6 10.e4 Nd6 11.Ne1 Bg7 12.Nd3 b6 13.f4 Nf7 14.Qf3 Ngh6 15.fxe5 fxe5
16.Bd2 O-O 17.Qe2 Rfe8 18.Rf3 Nd6 19.Raf1 Nhf5 20.Qd1 Nd4 21.R3f2 a5 22.Be3 N4b5
23.Qa4 Rad8 24.Nxb5 Qxb5 25.Qxb5 Nxb5 26.Rc2 c5 27.b3 Nd6 28.Nf2 Rf8 29.a3 Rb8
30.a4 Rb7 31.Re1 Rbf7 32.Ng4 h5 33.Nh6+ Bxh6 34.Bxh6 Re8 35.Bc1 Kh7 36.h3  1/2-1/2

[Event "ch-ESP Abierto"]
[Site "Seville ESP"]
[Date "2004.08.21"]
[Round "9"]
[White "Moreno,Ale2"]
[Black "Gonzalez de la Torre,S"]
[Result "1/2-1/2"]
[WhiteElo "2430"]
[BlackElo "2358"]

1.d4 d5 2.c4 Nc6 3.Nc3 dxc4 4.d5 Ne5 5.f4 Nd7 6.e4 Nb6 7.Bxc4 Nxc4 8.Qa4+ Bd7
9.Qxc4 c6 10.Nf3 cxd5 11.exd5 Nf6 12.Be3 g6 13.O-O Bg7 14.Qb4 b5 15.Ne5 a5
16.Qc5 Rc8 17.Nc6 b4 18.Nb5 Nxd5 19.Qxd5 Bxc6 20.Qxd8+ Rxd8 21.Nc7+ Kd7 22.Na6 Ra8
23.Nc5+ Kc7 24.Rf2 Rhd8 25.Rc1 Bd4 26.Bxd4 Rxd4 27.Nb3 Rd6 28.f5 Kb6 29.fxg6 fxg6
30.Nd2 Bd5 31.b3 Rad8 32.Re2 Re6 33.Rf2 Re3 34.h3 a4 35.Nc4+ Bxc4 36.Rxc4 axb3
37.Rxb4+ Kc5 38.Rxb3 Rxb3 39.axb3 Rd1+ 40.Kh2 e5 41.Rf7 Rb1 42.Rxh7 Rxb3
43.Rg7 Rb6 44.Kg3 Kd4 45.Ra7 e4 46.Ra4+ Kd3 47.Ra3+ Kd4 48.Ra4+ Kd3 49.Ra3+ Kd4  1/2-1/2

[Event "ch-FRA w"]
[Site "Val d'Isere FRA"]
[Date "2004.08.26"]
[Round "11"]
[White "Wohlers Armas,F"]
[Black "Milliet,S"]
[Result "0-1"]
[WhiteElo "2178"]
[BlackElo "2280"]

1.d4 d5 2.c4 Nc6 3.cxd5 Qxd5 4.e3 e5 5.Nc3 Bb4 6.a3 Bxc3+ 7.bxc3 Nf6 8.c4 Qd6
9.d5 Ne7 10.a4 c5 11.f3 O-O 12.Ne2 Nd7 13.Nc3 Qg6 14.Ra2 Nf6 15.a5 Bd7 16.Bd3 Qh5
17.Be2 Qh4+ 18.g3 Qh3 19.Bf1 Qh5 20.h4 Qg6 21.Rg2 h5 22.Bd3 Bf5 23.e4 Bd7
24.g4 Ne8 25.Rhg1 hxg4 26.fxg4 Qa6 27.h5 Qxa5 28.Bd2 Qb6 29.h6 g6 30.Bg5 Nc8
31.h7+ Kh8 32.Bh6 Ng7 33.Rf2 Qd8 34.Rh1 Nd6 35.Qc1 Nde8 36.Bg5 f6 37.Be2 Qe7
38.Rhf1 a5 39.d6 Qxd6 40.Nd5 a4 41.Nxf6 Nc7 42.Bd1 Nce6 43.Nxd7 Rxf2 44.Rxf2 Qxd7
45.Bf6 Qd4 46.Qb1 Qc3+ 47.Kf1 Qxc4+ 48.Kg2 b5 49.Bxe5 b4 50.Qa1 Ra7 51.Kg3 Kxh7
52.Bxa4 Qxe4 53.Bc2 Rxa1 54.Bxe4 Re1 55.Rh2+ Kg8 56.Bxg7 Re3+ 57.Bf3 Kxg7
58.Kf2 Rc3 59.Be4 b3 60.Ke1 Rg3 61.Rb2  0-1

[Event "WGM"]
[Site "Krk CRO"]
[Date "2004.09.01"]
[Round "7"]
[White "Sargac,R"]
[Black "Nill,J"]
[Result "0-1"]
[WhiteElo "2211"]
[BlackElo "2247"]

1.d4 d5 2.c4 Nc6 3.cxd5 Qxd5 4.Nf3 e5 5.Nc3 Bb4 6.Bd2 Bxc3 7.Bxc3 e4 8.Nd2 e3
9.fxe3 Nf6 10.e4 Nxe4 11.Nxe4 Qxe4 12.d5 Ne7 13.Qd4 Qxd4 14.Bxd4 Nxd5 15.Bxg7 Rg8
16.Bd4 Bf5 17.Kf2 Be4 18.Rd1 O-O-O 19.g3 b6 20.Bh3+ Kb7 21.Rhe1 f5 22.Be5 Rde8
23.Bf4 Nxf4 24.gxf4 Rg6 25.Bf1 Re7 26.Rd4 Reg7 27.Red1 Rh6 28.h3 Bc6 29.Rd8 a5
30.Rf8 Be4 31.Rfd8 Rhg6 32.R1d7 Kc6 33.Rxg7 Rxg7 34.e3 Kc5 35.Rd4 b5 36.h4 Rg4
37.h5 Rxf4+ 38.exf4 Kxd4 39.Bxb5 h6 40.Ke2 Bb1 41.Bc6 Bxa2 42.Kf2 Bb1 43.Ke2 Be4
44.Bb5 c6 45.Ba6 Bd5 46.Kf2 Ke4 47.Kg3 Ke3 48.Bc8 Be4 49.Be6 a4 50.Bd7 Kd2
51.Be6 Kc2 52.Kf2 Kxb2  0-1

[Event "TCh-CRO"]
[Site "Rabac CRO"]
[Date "2004.09.06"]
[Round "2"]
[White "Saric,A"]
[Black "Fercec,N"]
[Result "1/2-1/2"]
[WhiteElo "2389"]
[BlackElo "2474"]

1.d4 d5 2.c4 Nc6 3.Nc3 dxc4 4.Nf3 Nf6 5.e4 Bg4 6.Be3 e6 7.Bxc4 Bb4 8.Qc2 O-O
9.Rd1 Qe7 10.Be2 e5 11.d5 Nb8 12.O-O Bxf3 13.Bxf3 Bc5 14.Bxc5 Qxc5 15.b4 Qxb4
16.Rb1 Qc5 17.Rb5 Qd6 18.Rxb7 c6 19.Qa4 cxd5 20.exd5 Nbd7 21.Qc6 Qa3 22.d6 Rad8
23.Nb5 Qxa2 24.Rxa7 Qb2 25.Rb7 e4 26.Nc3 Ne5 27.Rxb2 Nxc6 28.Nxe4 Nxe4 29.Bxe4 Nd4
30.Rb6 Rfe8 31.f3 Re6 32.Ra1 Kf8 33.Raa6 Ne2+ 34.Kf2 Nc3 35.Bf5 Rf6 36.Bc2 Nd5
37.Rb7 Rfxd6 38.Raa7 Rf6 39.Bb3 g6 40.h4 h5 41.Kg3 Kg7 42.Ra4 Ne3 43.Kh3 Rd2
44.Raa7 Nxg2 45.Rxf7+ Rxf7 46.Rxf7+ Kh6  1/2-1/2

[Event "TCh-CRO"]
[Site "Rabac CRO"]
[Date "2004.09.08"]
[Round "4"]
[White "Jankovic,A"]
[Black "Fercec,N"]
[Result "0-1"]
[WhiteElo "2444"]
[BlackElo "2474"]

1.d4 d5 2.c4 Nc6 3.Nc3 dxc4 4.Nf3 Nf6 5.e4 Bg4 6.Be3 e6 7.Bxc4 Bb4 8.Qd3 O-O
9.a3 Ba5 10.Nd2 Bb6 11.Nb3 Bh5 12.Na4 Bg6 13.f3 Nd5 14.Nxb6 axb6 15.Bd2 Qf6
16.O-O Nf4 17.Qe3 e5 18.d5 Na7 19.a4 Nc8 20.Rfc1 Nd6 21.Bf1 Qe7 22.Qc3 Rac8
23.Bxf4 exf4 24.e5 Nf5 25.d6 Qg5 26.d7 Rcd8 27.Qxc7 Ne3 28.Rd1 Bc2 29.h4 Qxh4
30.Rd3 Bxd3 31.Bxd3 Nxg2 32.Nd4 Ne3 33.Ne2 Qh3 34.Kf2 Rxd7  0-1

[Event "TCh-CRO"]
[Site "Rabac CRO"]
[Date "2004.09.09"]
[Round "5"]
[White "Zaja,I"]
[Black "Muse,M"]
[Result "1-0"]
[WhiteElo "2452"]
[BlackElo "2448"]

1.d4 d5 2.c4 Nc6 3.Nf3 Bg4 4.cxd5 Bxf3 5.gxf3 Qxd5 6.e3 e5 7.Nc3 Bb4 8.Bd2 Bxc3
9.bxc3 Nge7 10.Bg2 exd4 11.cxd4 Ng6 12.h4 O-O-O 13.Qb3 Qxb3 14.axb3 f5 15.f4 Nge7
16.O-O a6 17.Rfc1 Nd5 18.Bh3 Rhf8 19.f3 Kb8 20.Kf2 g6 21.Bf1 Rf6 22.Bc4 Nce7
23.b4 c6 24.h5 Nb6 25.Bb3 Nbd5 26.Rh1 Ka7 27.hxg6 hxg6 28.Rh7 Nc8 29.Rg1 Ka8
30.Rg7 Nde7 31.Rh1 Rff8 32.Rhh7 Rh8 33.Rxh8 Rxh8 34.Kg2 Rd8 35.Be1 Nd5 36.Bd2 Nd6
37.Rxg6 b5 38.Kf2 Kb7 39.Re6 Nb6 40.e4 Ndc4 41.Bc3 Rf8 42.Re7+ Kb8 43.d5 cxd5
44.e5 d4 45.Bxd4 Nd5 46.Rd7 Nxf4 47.Bc5 Re8 48.Bxc4 bxc4 49.Bd6+ Ka8 50.Rc7 Nd3+
51.Ke3 Nxe5 52.Bxe5 Rxe5+ 53.Kd4 Rb5 54.Kxc4 Kb8 55.Rc5 Rb6 56.Rxf5 Rc6+
57.Kd3 Rd6+ 58.Ke3 Re6+ 59.Kf2 Kb7 60.Rc5 Kb6 61.Kg3 Rg6+ 62.Kf4 Rf6+ 63.Ke4 Re6+
64.Kd3 Rd6+ 65.Ke3 Re6+ 66.Kf2 Rf6 67.Rc4 Kb5 68.Rd4 Ka4 69.f4 Kb3 70.Kf3 Kc3
71.Re4 Kd3 72.Re7 Rb6 73.f5 Rxb4 74.f6 Rb6 75.Rd7+ Kc3 76.f7 Rf6+ 77.Ke4 a5
78.Rd3+ Kb2 79.Rf3  1-0

[Event "TCh-CRO"]
[Site "Rabac CRO"]
[Date "2004.09.10"]
[Round "6"]
[White "Horvath,Jo1"]
[Black "Fercec,N"]
[Result "1/2-1/2"]
[WhiteElo "2524"]
[BlackElo "2474"]

1.d4 d5 2.c4 Nc6 3.Nc3 dxc4 4.Nf3 Nf6 5.e3 e5 6.Bxc4 exd4 7.exd4 Bd6 8.O-O O-O
9.h3 Bf5 10.Re1 h6 11.Be3 Nb4 12.Rc1 c6 13.Ne5 Nfd5 14.Qb3 a5 15.Bxd5 cxd5
16.a3 Bxe5 17.axb4 axb4 18.Qxb4 Bd6 19.Qxb7 Be6 20.Qb5 Rb8 21.Qe2 Qd7 22.Ra1 Rb4
23.Ra2 Rfb8 24.Rea1 Be7 25.Ra8 Qd6 26.g3 Qd8 27.Rxb8 Qxb8 28.Qf3 Qb7 29.Ra2 Bd6
30.Kg2 Qc8 31.Nxd5 Bxh3+ 32.Kh2 Rb8 33.Bf4 Bg4 34.Qe4 f5 35.Qe3 Qd7 36.Ra6 Bxf4
37.Qxf4 Rxb2 38.Ne3 Qb7 39.Ra1  1/2-1/2

[Event "8th WUCC Women"]
[Site "Instanbul TUR"]
[Date "2004.09.11"]
[Round "9"]
[White "Motoc,A"]
[Black "Dworakowska,J"]
[Result "0-1"]
[WhiteElo "2359"]
[BlackElo "2402"]

1.d4 d5 2.c4 Nc6 3.Nf3 Bg4 4.Bf4 e6 5.e3 Bd6 6.Bxd6 Qxd6 7.cxd5 exd5 8.Be2 f5
9.Nc3 Nf6 10.Qb3 Rb8 11.Rc1 a6 12.h3 Bxf3 13.Bxf3 Ne7 14.O-O c6 15.Rce1 Rf8
16.Bd1 Rf7 17.f3 Nh5 18.e4 dxe4 19.fxe4 Qxd4+ 20.Rf2 Nf4 21.Ne2 Qd2 22.Ref1 Nd3
23.Rf3 Nc5 24.Qc4 Nxe4 25.Bb3 Rf6 26.Nf4 b5 27.Qd3 Rd8 28.Qe3 Qxb2 29.Nh5 Rg6
30.g4 Rd2 31.Qf4 Kd7 32.Bf7 Rg5 33.Qb8 Qd4+ 34.Kh1 Nd6 35.Re1 Re2 36.Rxe2 Qd1+
37.Kg2 Qxe2+ 38.Rf2 Qe4+ 39.Kg1 Nxf7 40.Nf4 Qe1+ 41.Kg2 fxg4 42.Qa7+ Ke8
43.h4 Qe4+ 44.Kg1 Re5 45.Qb8+ Nd8 46.Qd6 Nf5  0-1

[Event "LGA Premium Cup"]
[Site "Nuernberg GER"]
[Date "2004.09.11"]
[Round "2"]
[White "Prusikin,M"]
[Black "Monninger,M"]
[Result "1-0"]
[WhiteElo "2517"]
[BlackElo "2064"]

1.d4 d5 2.c4 Nc6 3.Nf3 Bg4 4.Nc3 e6 5.cxd5 exd5 6.Bf4 Nf6 7.e3 Be7 8.h3 Bh5
9.Be2 O-O 10.O-O Re8 11.Qa4 a6 12.Rfc1 Qd7 13.g4 Bg6 14.Ne5 Nxe5 15.dxe5 b5
16.Qd1 Ne4 17.Qxd5 Qxd5 18.Nxd5 Rac8 19.f3 Nd2 20.Nxe7+ Rxe7 21.b3 c5 22.e4 Rd7
23.Rc2 Rcd8 24.Rxc5 h5 25.Rac1 Kf8 26.Bg5  1-0

[Event "LGA Premium Cup"]
[Site "Nuernberg GER"]
[Date "2004.09.12"]
[Round "4"]
[White "Kirch,D"]
[Black "Hepting,H"]
[Result "0-1"]
[WhiteElo "2016"]
[BlackElo "2206"]

1.d4 d5 2.c4 Nc6 3.cxd5 Qxd5 4.Nf3 e5 5.Nc3 Bb4 6.Bd2 Bxc3 7.Bxc3 e4 8.Ne5 Nxe5
9.dxe5 Be6 10.Qxd5 Bxd5 11.e3 Ne7 12.Be2 O-O 13.O-O Rfe8 14.Rfd1 Rad8 15.Rac1 c6
16.Bg4 b6 17.b3 c5 18.Rd2 Be6 19.Bxe6 fxe6 20.Rcd1 Nd5 21.Bb2 Rc8 22.Kf1 c4
23.bxc4 Rxc4 24.Rd4 Rec8 25.Ke2 Nb4 26.Rd8+ Rxd8 27.Rxd8+ Kf7 28.a3 Nd3 29.Bd4 Rc2+
30.Kf1 Rxf2+ 31.Kg1 a5 32.Rd7+ Kg6 33.Re7 Rc2 34.h3 Rc6 35.Rb7 Nc5 36.Rb8 h5
37.Kf2 Kg5 38.g3 Na4 39.Rb7 Rc2+ 40.Kg1 g6 41.Re7 Rc6 42.Rb7 Rc1+ 43.Kg2 Rc2+
44.Kg1 Rc6 45.Rb8 Nc5 46.Kg2 Kh6 47.h4 Kg7 48.Kf1 Kf7 49.Ke2 Nd7 50.Rb7 Ke8
51.Kd2 Kd8 52.Ra7 Ke8 53.Rb7 Ke7 54.Bc3 Kd8 55.Ra7 Rc7 56.Rxc7 Kxc7 57.Kc2 Nc5
58.Bd2 Kc6 59.Kc3 Kd5 60.Bc1 Kxe5 61.Kb2  0-1

[Event "79th ch-ARG"]
[Site "Buenos Aires ARG"]
[Date "2004.09.24"]
[Round "1"]
[White "Perdomo,L"]
[Black "Menon,D"]
[Result "1/2-1/2"]
[WhiteElo "2306"]
[BlackElo "2062"]

1.d4 d5 2.c4 Nc6 3.cxd5 Qxd5 4.e3 e5 5.Nc3 Bb4 6.Bd2 Bxc3 7.Bxc3 exd4 8.Ne2 Nf6
9.Nxd4 a6 10.Be2 Nxd4 11.Qxd4 O-O 12.Bf3 Qb5 13.a4 Qg5 14.O-O c6 15.Rfd1 Be6
16.a5 h6 17.Rd2 Rab8 18.Re1 Rfe8 19.e4 Qf4 20.e5 Qxd4 21.Bxd4 Nd5 22.Bc5 Rbd8
23.Red1 Rd7 24.Be4 Red8 25.g3 Nf6 26.Rxd7 Rxd7 27.Rxd7 Nxd7 28.Bd6 f5 29.Bg2 g5
30.f4 g4 31.Kf2 Kf7 32.Ke3 Bb3 33.Kd4 Ke6 34.Bf1 h5 35.Bg2 Kf7 36.Kc3 Ba4
37.h3 Bb5 38.hxg4 hxg4 39.b4 Ke6  1/2-1/2

[Event "Monarch Assurance"]
[Site "Port Erin IOM"]
[Date "2004.09.26"]
[Round "2"]
[White "Henrichsen,J"]
[Black "Peek,Mar"]
[Result "0-1"]
[WhiteElo "2084"]
[BlackElo "2406"]

1.d4 d5 2.c4 Nc6 3.cxd5 Qxd5 4.Nf3 e5 5.Nc3 Bb4 6.Bd2 Bxc3 7.Bxc3 e4 8.Ne5 Nge7
9.e3 Nxe5 10.dxe5 Qxd1+ 11.Rxd1 Be6 12.a3 Rd8 13.Rc1 Kd7 14.Be2 Nd5 15.Bd4 c6
16.O-O b6 17.b4 Ne7 18.a4 Kc7 19.a5 Nd5 20.axb6+ axb6 21.Rb1 Ra8 22.Rfc1 Kb7
23.Bc4 Nc7 24.Bf1 Ra4 25.Rc2 Bd5 26.Bc4 Bxc4 27.Rxc4 b5 28.Rc2 Ne6 29.Bc5 Rd8
30.h4 Rd5 31.Rbc1 Ra6 32.f4 exf3 33.gxf3 Rxe5 34.Rd2 Nxc5 35.bxc5 Rd5 36.Rcd1 Rxd2
37.Rxd2 Kc7 38.h5 Ra1+ 39.Kh2 Rc1 40.Rg2 Rxc5 41.Rxg7 Rxh5+ 42.Kg3 Rf5 43.e4 Rf6
44.Rxh7 Kd7 45.e5 Rg6+ 46.Kf4 Ke7 47.Ke4 Rg1 48.f4 Re1+ 49.Kd4 Rd1+ 50.Kc3 Rf1
51.Rh6 Rf3+ 52.Kc2 Rxf4  0-1